Investigación y ciencia UAA /
Uloženo v:
| Médium: | Seriál |
|---|---|
| Jazyk: | španělština |
| Témata: | |
| Tagy: |
Žádné tagy, Buďte první, kdo vytvoří štítek k tomuto záznamu!
|
MARC
| LEADER | 00000nas^a2200000^a^4500 | ||
|---|---|---|---|
| 001 | 000153354 | ||
| 005 | 20260220000000.0 | ||
| 009 | 20260310100315.975 | ||
| 037 | |a Acervo ITESO - Biblioteca | ||
| 041 | |a ESP | ||
| 094 | |a 078 | ||
| 222 | 0 | |a Investigación y ciencia UAA / | |
| 245 | 0 | 0 | |a Investigación y ciencia UAA / |
| 264 | |a Aguascalientes, México : |b Universidad Autónoma de Aguascalientes, |c 2001- | ||
| 300 | |a volúmenes | ||
| 310 | |a Cuatrimestral, |b 1992 - | ||
| 321 | |a Semestral, |b 1990-1991 | ||
| 336 | |a texto |b txt |2 rdacontenido | ||
| 337 | |a sin mediación |b n |2 rdamedio | ||
| 338 | |a volumen |b nc |2 rdasoporte | ||
| 362 | |a Año 6, N° 19 (diciembre 1996) - | ||
| 599 | |a No vigente |b Canje | ||
| 649 | |a XX | ||
| 650 | |a Ciencia | ||
| 650 | |a Tecnología | ||
| 650 | |a Ciencias Sociales | ||
| 650 | |a Humanidades | ||
| 650 | |a Universidades - |x Publicaciones Periódicas Mexicanas | ||
| 910 | |a Fondo General | ||
| 920 | |a Impresos - Publicaciones Periódicas | ||
| 905 | |a 105 | ||
| 902 | |a https://opac.biblio.iteso.mx/vufind/Record/000153354 | ||